Poemas de la realidad secreta
Guardado en:
| Autor principal: | |
|---|---|
| Formato: | Libro |
| Lenguaje: | español |
| Publicado: |
Madrid
Visor Libros
2019
|
| Edición: | 1a. ed |
| Colección: | Visor de Poesía, 1070
|
| Materias: | |
| Etiquetas: |
Agregar Etiqueta
Sin Etiquetas, Sea el primero en etiquetar este registro!
|
MARC
| LEADER | 00000cam a2200000 a 4500 | ||
|---|---|---|---|
| 001 | UCB0188 | ||
| 003 | CL-VaPUC | ||
| 005 | 20230531074424.0 | ||
| 008 | 191220e20190000sp spa d | ||
| 999 | |c 375894 |d 375892 | ||
| 020 | |a 9788498953701 | ||
| 040 | |c Pontificia Universidad Católica de Valparaíso | ||
| 082 | 0 | 4 | |a Ch861 TEI 2019 |2 21 |
| 100 | |a Teillier, Jorge, |d 1935-1996 |e author |9 326721 | ||
| 245 | 1 | 0 | |a Poemas de la realidad secreta |
| 250 | |a 1a. ed | ||
| 260 | |a Madrid |b Visor Libros |c 2019 | ||
| 300 | |a 207 p | ||
| 490 | 0 | |a Visor de Poesía, 1070 | |
| 583 | |a last modification |c 20191220 13:26:00 |k cmena | ||
| 650 | 0 | 0 | |a Poesías chilenas |9 265280 |
| 650 | 0 | 0 | |a Literatura chilena |9 308278 |
| 942 | |c BK |2 ddc | ||
| 945 | |a dcastane |d 20191220 13:26:00 | ||
| 952 | |0 0 |1 0 |2 ddc |3 erb |4 0 |6 CH_861_000000000000000_TEI_2019 |7 0 |8 A |9 495767 |a BIBART |b BIBART |d 2019-12-13 |e 4 |g 15500.00 |i 5568013 |l 3 |m 1 |o Ch861 TEI 2019 |p 5568013 |r 2025-03-13 |s 2024-11-07 |t 1 |w 2020-01-06 |y BK |z Catalogado en:20191220 |k ART | ||